[Event "Wroclaw Open"]
[Site "?"]
[Date "2017.08.16"]
[Round "5.18"]
[White "Schwedek, Tony"]
[Black "Borowski, Przemyslaw"]
[Result "1/2-1/2"]
[BlackElo "1759"]
[WhiteElo "1920"]
[LiveChessVersion "1.4.6"]

1. c4 {[%clk 1:30:56]} e5 {[%clk 1:30:41]} 2. g3 {[%clk 1:31:19]} g6
{[%clk 1:30:13]} 3. Bg2 {[%clk 1:31:38]} Bg7 {[%clk 1:30:26]} 4. Nc3
{[%clk 1:31:59]} f5 {[%clk 1:29:56]} 5. d3 {[%clk 1:31:16]} Nf6 {[%clk 1:28:05]}
6. e4 {[%clk 1:31:28]} d6 {[%clk 1:27:30]} 7. Nge2 {[%clk 1:31:49]} O-O
{[%clk 1:24:55]} 8. O-O {[%clk 1:32:11]} c6 {[%clk 1:19:51]} 9. h3
{[%clk 1:30:39]} Be6 {[%clk 1:14:52]} 10. Be3 {[%clk 1:26:38]} fxe4
{[%clk 1:11:32]} 11. Nxe4 {[%clk 1:25:56]} Nxe4 {[%clk 1:11:16]} 12. dxe4
{[%clk 1:24:23]} Bxc4 {[%clk 1:09:24]} 13. Qc2 {[%clk 1:24:29]} Be6
{[%clk 1:00:31]} 14. Rfd1 {[%clk 1:22:50]} Rf7 {[%clk 0:51:05]} 15. Nc3
{[%clk 1:19:59]} Na6 {[%clk 0:46:11]} 16. Rd2 {[%clk 1:18:46]} Rd7
{[%clk 0:44:09]} 17. a3 {[%clk 1:13:40]} Nc7 {[%clk 0:42:44]} 18. Rad1
{[%clk 1:13:35]} Kh8 {[%clk 0:36:05]} 19. h4 1/2-1/2

[Event "Wroclaw Open"]
[Site "?"]
[Date "2017.08.16"]
[Round "5.19"]
[White "Szczepaniak, Lukasz"]
[Black "Zamekhovskiy, Yevgen"]
[Result "1-0"]
[BlackElo "1707"]
[WhiteElo "2163"]
[LiveChessVersion "1.4.6"]

1. e4 {[%clk 1:30:49]} d6 {[%clk 1:30:50]} 2. d4 {[%clk 1:31:13]} Nf6
{[%clk 1:31:19]} 3. Bd3 {[%clk 1:31:26]} e5 {[%clk 1:31:38]} 4. c3
{[%clk 1:31:51]} Be7 {[%clk 1:31:39]} 5. Nf3 {[%clk 1:32:11]} O-O
{[%clk 1:32:01]} 6. O-O {[%clk 1:32:34]} Nbd7 {[%clk 1:31:41]} 7. Re1
{[%clk 1:32:14]} a6 {[%clk 1:31:43]} 8. Nbd2 {[%clk 1:31:35]} b6 {[%clk 1:31:46]}
9. Nf1 {[%clk 1:31:49]} Re8 {[%clk 1:30:40]} 10. Ng3 {[%clk 1:31:47]} g6
{[%clk 1:30:32]} 11. h3 {[%clk 1:28:22]} Bf8 {[%clk 1:30:01]} 12. Bg5
{[%clk 1:27:58]} h6 {[%clk 1:30:10]} 13. Bd2 {[%clk 1:27:51]} Bb7
{[%clk 1:30:20]} 14. Qc2 {[%clk 1:26:03]} Bg7 {[%clk 1:28:00]} 15. Rad1
{[%clk 1:25:27]} Qe7 {[%clk 1:26:26]} 16. Bc1 {[%clk 1:17:54]} Rac8
{[%clk 1:20:55]} 17. Qe2 {[%clk 1:16:28]} b5 {[%clk 1:18:59]} 18. a4
{[%clk 1:13:53]} c6 {[%clk 1:17:43]} 19. b3 {[%clk 1:05:54]} d5 {[%clk 1:01:48]}
20. exd5 {[%clk 0:56:05]} Nxd5 {[%clk 1:02:07]} 21. Qc2 {[%clk 0:48:35]} Qf8
{[%clk 0:58:29]} 22. Bb2 {[%clk 0:42:28]} exd4 {[%clk 0:48:01]} 23. Nxd4
{[%clk 0:42:34]} Ne5 {[%clk 0:40:15]} 24. Be4 {[%clk 0:34:47]} bxa4
{[%clk 0:36:45]} 25. bxa4 {[%clk 0:34:22]} Qc5 {[%clk 0:34:19]} 26. Qb3
{[%clk 0:31:52]} Ba8 {[%clk 0:33:12]} 27. Nxc6 {[%clk 0:21:59]} Bxc6
{[%clk 0:31:34]} 28. Bxd5 {[%clk 0:22:16]} Rb8 {[%clk 0:31:57]} 29. Qa3
{[%clk 0:22:36]} Qxa3 {[%clk 0:32:13]} 30. Bxa3 {[%clk 0:22:58]} Bxd5
{[%clk 0:32:42]} 31. Bd6 {[%clk 0:14:37]} Bb3 {[%clk 0:24:45]} 32. Rb1
{[%clk 0:11:51]} Rb6 {[%clk 0:22:11]} 33. Ne4 {[%clk 0:07:59]} f5
{[%clk 0:17:51]} 34. Bc7 {[%clk 0:00:39]} Rc6 {[%clk 0:17:31]} 35. Nd6
{[%clk 0:00:37]} Ra8 {[%clk 0:16:04]} 36. f4 {[%clk 0:00:32]} Rxc7
{[%clk 0:15:24]} 37. fxe5 {[%clk 0:01:01]} Be6 {[%clk 0:14:10]} 38. c4
{[%clk 0:01:30]} Rc6 {[%clk 0:13:55]} 39. a5 {[%clk 0:01:16]} Bf8
{[%clk 0:12:28]} 40. Rb6 {[%clk 0:01:29]} Rxb6 {[%clk 0:11:05]} 41. axb6
{[%clk 0:01:58]} Bxd6 {[%clk 0:11:25]} 42. exd6 {[%clk 0:02:27]} Bxc4
{[%clk 0:11:54]} 43. b7 {[%clk 0:01:50]} Rd8 {[%clk 0:11:01]} 44. d7
{[%clk 0:01:52]} Bf7 {[%clk 0:09:57]} 45. Rc1 {[%clk 0:02:10]} 1-0

[Event "Wroclaw Open"]
[Site "?"]
[Date "2017.08.16"]
[Round "5.20"]
[White "Olszowski, Andrzej"]
[Black "Widla, Piotr"]
[Result "0-1"]
[BlackElo "2029"]
[WhiteElo "1680"]
[LiveChessVersion "1.4.6"]

1. e4 {[%clk 1:30:59]} c5 {[%clk 1:30:54]} 2. b3 {[%clk 1:31:19]} Nf6
{[%clk 1:30:42]} 3. Nc3 {[%clk 1:29:46]} Nc6 {[%clk 1:30:41]} 4. Bb2
{[%clk 1:24:00]} e6 {[%clk 1:27:09]} 5. Bc4 {[%clk 1:18:45]} d5 {[%clk 1:22:38]}
6. exd5 {[%clk 1:18:53]} exd5 {[%clk 1:23:06]} 7. Bb5 {[%clk 1:16:16]} Be7
{[%clk 1:23:04]} 8. Bxc6+ {[%clk 1:15:11]} bxc6 {[%clk 1:22:10]} 9. d3
{[%clk 1:12:06]} Bg4 {[%clk 1:15:36]} 10. f3 {[%clk 1:11:52]} Bf5
{[%clk 1:15:33]} 11. Nge2 {[%clk 1:05:42]} d4 {[%clk 1:14:39]} 12. Ne4
{[%clk 1:05:28]} Nd5 {[%clk 1:14:51]} 13. Bc1 {[%clk 1:05:02]} O-O
{[%clk 1:14:42]} 14. O-O {[%clk 1:05:07]} Re8 {[%clk 1:14:34]} 15. Nf4
{[%clk 1:02:40]} Rc8 {[%clk 1:10:40]} 16. Bd2 {[%clk 0:59:55]} Qc7
{[%clk 1:07:50]} 17. Nxd5 {[%clk 0:54:30]} cxd5 {[%clk 1:08:12]} 18. Ng3
{[%clk 0:54:55]} Bg6 {[%clk 1:08:25]} 19. f4 {[%clk 0:52:12]} f6 {[%clk 1:07:31]}
20. Qf3 {[%clk 0:51:28]} Bf7 {[%clk 1:07:41]} 21. Rfe1 {[%clk 0:51:19]} c4
{[%clk 1:07:56]} 22. Nf5 {[%clk 0:43:38]} Bc5 {[%clk 1:04:35]} 23. Rxe8+
{[%clk 0:42:22]} Rxe8 {[%clk 1:05:04]} 24. Re1 {[%clk 0:42:34]} Rxe1+
{[%clk 1:03:29]} 25. Bxe1 {[%clk 0:42:54]} Be6 {[%clk 0:59:30]} 26. Ng3
{[%clk 0:42:28]} cxb3 {[%clk 0:55:29]} 27. axb3 {[%clk 0:42:12]} Bd6
{[%clk 0:41:31]} 28. f5 {[%clk 0:37:26]} Bf7 {[%clk 0:41:58]} 29. Qe2
{[%clk 0:37:13]} Be5 {[%clk 0:42:26]} 30. Bf2 {[%clk 0:34:50]} Qc8
{[%clk 0:40:50]} 31. Qd2 {[%clk 0:25:36]} h5 {[%clk 0:38:37]} 32. h4
{[%clk 0:20:13]} Qa6 {[%clk 0:20:05]} 33. Qd1 {[%clk 0:19:30]} Qc8
{[%clk 0:20:15]} 34. Qd2 {[%clk 0:18:35]} Qc7 {[%clk 0:18:58]} 35. Ne2
{[%clk 0:18:43]} Qb6 {[%clk 0:18:16]} 36. Bg3 {[%clk 0:17:59]} Qd6
{[%clk 0:18:29]} 37. Bf4 {[%clk 0:17:50]} Be8 {[%clk 0:18:33]} 38. g3
{[%clk 0:15:05]} Bd7 {[%clk 0:18:52]} 39. Qa5 {[%clk 0:14:44]} Bxf5
{[%clk 0:18:52]} 40. Qxa7 {[%clk 0:13:36]} Bg4 {[%clk 0:18:50]} 41. Nxd4
{[%clk 0:08:12]} Bxf4 {[%clk 0:19:17]} 42. Qa8+ {[%clk 0:06:09]} Kh7
{[%clk 0:19:41]} 43. gxf4 {[%clk 0:06:13]} Qc5 {[%clk 0:19:40]} 44. Qa4
{[%clk 0:04:44]} Qc3 {[%clk 0:19:42]} 45. Kf2 {[%clk 0:03:14]} Qd2+
{[%clk 0:20:09]} 46. Kg3 {[%clk 0:03:09]} Qe3+ {[%clk 0:20:33]} 47. Kg2
{[%clk 0:03:00]} Qxf4 {[%clk 0:20:26]} 48. Qb4 {[%clk 0:02:13]} Qe3
{[%clk 0:18:58]} 49. Qc3 {[%clk 0:01:45]} Qh3+ {[%clk 0:19:20]} 50. Kg1
{[%clk 0:01:32]} Qxh4 {[%clk 0:19:45]} 51. Qd2 {[%clk 0:01:23]} Qg3+
{[%clk 0:16:50]} 52. Qg2 {[%clk 0:01:13]} Qe1+ {[%clk 0:17:13]} 53. Kh2
{[%clk 0:00:45]} Qe5+ {[%clk 0:17:38]} 54. Kg1 0-1

[Event "Wroclaw Open"]
[Site "?"]
[Date "2017.08.16"]
[Round "5.21"]
[White "Madera, Mateusz"]
[Black "Dytman, Radoslaw"]
[Result "0-1"]
[BlackElo "1601"]
[WhiteElo "1962"]
[LiveChessVersion "1.4.6"]

1. e4 e5 2. Nf3 Nc6 3. Bc4 Bc5 4. d3 Nf6 5. Nc3 a6 6. a3 h6 7. O-O d6 8. h3 Be6
9. Bxe6 fxe6 10. Qe2 O-O 11. Be3 Qe8 12. Bxc5 dxc5 13. Qe3 Nd4 14. Rac1 Qh5 15.
Nh2 g5 16. Rfe1 Rf7 17. Ne2 Raf8 18. f3 Qg6 19. Ng4 Nd7 20. c3 Nxf3+ 21. gxf3
Rxf3 22. Qd2 Rxh3 23. Rf1 Rf4 24. Nxf4 gxf4 25. Rf2 Nf6 26. Rh2 Qxg4+ 27. Kh1
Qf3+ 28. Qg2+ Qxg2+ 29. Kxg2 Rg3+ 30. Kh1 Kh7 31. Rd1 Ng4 32. Rhd2 f3 33. Rf1 Rg2
34. Rdd1 Rh2+ 35. Kg1 f2+ 36. Rxf2 Rxf2 37. b4 cxb4 38. axb4 Rg2+ 39. Kxg2 Ne3+
40. Kf3 Nxd1 41. c4 Nb2 42. Ke3 h5 0-1

[Event "Wroclaw Open"]
[Site "?"]
[Date "2017.08.16"]
[Round "5.22"]
[White "Pietraszko, Jakub"]
[Black "Zombirt, Filip"]
[Result "1-0"]
[BlackElo "1958"]
[WhiteElo "1724"]
[LiveChessVersion "1.4.6"]

1. d4 c5 2. e3 Nf6 3. f4 d5 4. Nf3 Nc6 5. c3 b6 6. Ne5 Nxe5 7. fxe5 Ne4 8. Nd2
Nxd2 9. Bxd2 g6 10. Qf3 Bg7 11. Bb5+ Bd7 12. Bd3 Bc6 13. h4 Qd7 14. h5 e6 15.
hxg6 hxg6 16. Rxh8+ Bxh8 17. Kf2 O-O-O 18. Rh1 f6 19. exf6 Rf8 20. Bxg6 Bxf6 21.
Kg1 Qg7 22. Qg3 Rg8 23. Qd6 Qxg6 24. Qxc6+ Kd8 25. Qd6+ Ke8 26. Qxe6+ Kf8 27.
Qd6+ Kf7 28. Qxd5+ Ke7 29. Be1 Rg7 30. Rh8 Qxg2+ 31. Qxg2 Rxg2+ 32. Kxg2 Bxh8 33.
Kf3 cxd4 34. cxd4 Ke6 35. Ke4 Bf6 36. Bb4 Bg5 37. b3 b5 38. d5+ Kd7 39. Bc5 a6
40. Kf5 1-0

[Event "Wroclaw Open"]
[Site "?"]
[Date "2017.08.16"]
[Round "6.1"]
[White "Vypkhaniuk, Ihor"]
[Black "Omelja, Artem"]
[Result "1/2-1/2"]
[BlackElo "2411"]
[WhiteElo "2333"]
[LiveChessVersion "1.4.6"]

1. Nf3 {[%clk 1:26:51]} d5 {[%clk 1:30:39]} 2. g3 {[%clk 1:27:08]} g6
{[%clk 1:30:29]} 3. Bg2 {[%clk 1:22:14]} Bg7 {[%clk 1:30:48]} 4. d4
{[%clk 1:22:37]} Nf6 {[%clk 1:30:40]} 5. c4 {[%clk 1:23:04]} c6 {[%clk 1:30:44]}
6. b3 {[%clk 1:22:57]} O-O {[%clk 1:30:39]} 7. O-O {[%clk 1:23:24]} a5
{[%clk 1:29:13]} 8. Nc3 {[%clk 1:21:12]} Bf5 {[%clk 1:28:40]} 9. Bb2
{[%clk 1:15:31]} Ne4 {[%clk 1:27:55]} 10. e3 {[%clk 1:10:56]} Na6
{[%clk 1:24:28]} 11. Qe2 {[%clk 1:06:22]} Nxc3 {[%clk 1:18:24]} 12. Bxc3
{[%clk 1:06:25]} Nc5 {[%clk 1:18:40]} 13. Rfc1 {[%clk 0:43:28]} Ne4
{[%clk 1:17:23]} 14. cxd5 {[%clk 0:43:12]} cxd5 {[%clk 1:12:32]} 15. Qb5
{[%clk 0:35:58]} Qd7 {[%clk 0:58:30]} 16. Qxd7 {[%clk 0:35:50]} Bxd7
{[%clk 0:58:51]} 17. Ne5 {[%clk 0:35:46]} Bxe5 {[%clk 0:52:44]} 18. dxe5
{[%clk 0:33:25]} Rfc8 {[%clk 0:52:04]} 19. Be1 {[%clk 0:32:06]} b6
{[%clk 0:51:08]} 20. Rd1 {[%clk 0:29:32]} Be6 {[%clk 0:49:49]} 21. Rac1
{[%clk 0:25:14]} 1/2-1/2

[Event "Wroclaw Open"]
[Site "?"]
[Date "2017.08.16"]
[Round "6.2"]
[White "Dowgird, Filip"]
[Black "Grabarczyk, Miroslaw"]
[Result "1/2-1/2"]
[BlackElo "2441"]
[WhiteElo "2271"]
[LiveChessVersion "1.4.6"]

1. g3 {[%clk 1:31:03]} d5 {[%clk 1:29:24]} 2. Bg2 {[%clk 1:31:18]} Nf6
{[%clk 1:26:14]} 3. d3 {[%clk 1:27:26]} e5 {[%clk 1:19:35]} 4. Nd2
{[%clk 1:23:47]} Nc6 {[%clk 1:18:25]} 5. a3 {[%clk 1:14:28]} a5 {[%clk 1:16:44]}
6. c4 {[%clk 1:12:15]} d4 {[%clk 1:16:00]} 7. Ngf3 {[%clk 1:11:55]} Be7
{[%clk 1:16:07]} 8. O-O {[%clk 1:09:44]} O-O {[%clk 1:13:15]} 9. Rb1
{[%clk 1:08:05]} Nd7 {[%clk 1:10:10]} 10. b3 {[%clk 1:07:24]} Re8
{[%clk 1:09:46]} 11. Ne1 {[%clk 1:01:22]} Nc5 {[%clk 0:54:39]} 12. Nc2
{[%clk 0:57:34]} Bg4 {[%clk 0:50:40]} 13. Ne4 {[%clk 0:57:39]} Nxe4
{[%clk 0:47:49]} 14. Bxe4 {[%clk 0:46:48]} Qd7 15. b4 {[%clk 0:47:15]} axb4
{[%clk 0:47:57]} 16. axb4 Bf8 {[%clk 0:44:50]} 17. b5 {[%clk 0:43:42]} Nd8
{[%clk 0:41:46]} 18. f4 {[%clk 0:40:24]} exf4 {[%clk 0:41:02]} 19. Rxf4
{[%clk 0:36:59]} c6 {[%clk 0:37:51]} 20. Qf1 {[%clk 0:34:52]} Ra2 21. Rb2
{[%clk 0:35:16]} Rxb2 {[%clk 0:36:14]} 22. bxc6 {[%clk 0:35:43]} bxc6
{[%clk 0:30:35]} 23. Bxb2 {[%clk 0:32:39]} Bd6 {[%clk 0:29:04]} 24. Bf5
{[%clk 0:33:05]} Bxf5 {[%clk 0:29:04]} 25. Rxf5 {[%clk 0:29:27]} c5
{[%clk 0:27:18]} 26. Ba3 {[%clk 0:26:57]} Ne6 {[%clk 0:22:25]} 27. Bc1
{[%clk 0:25:41]} g6 {[%clk 0:21:00]} 28. Rf6 {[%clk 0:24:02]} Ng7
{[%clk 0:20:55]} 29. Rf2 {[%clk 0:22:32]} Nf5 {[%clk 0:18:52]} 30. Na3
{[%clk 0:22:27]} h5 {[%clk 0:17:47]} 31. Nb5 {[%clk 0:19:54]} Bb8
{[%clk 0:16:49]} 32. Bg5 {[%clk 0:19:54]} Ne3 {[%clk 0:17:00]} 33. Bxe3
{[%clk 0:19:06]} Rxe3 {[%clk 0:14:09]} 34. Qg2 {[%clk 0:17:17]} Kg7
{[%clk 0:13:51]} 35. Rf3 {[%clk 0:16:25]} Re6 {[%clk 0:10:52]} 36. Rf2
{[%clk 0:14:05]} Re3 {[%clk 0:10:58]} 37. Rf3 {[%clk 0:12:33]} Re5
{[%clk 0:09:26]} 38. Rf2 {[%clk 0:11:00]} h4 {[%clk 0:06:32]} 39. gxh4
{[%clk 0:10:45]} Qe6 {[%clk 0:05:04]} 40. Qb7 Rxe2 41. Rxe2 {[%clk 0:08:34]} Qxe2
{[%clk 0:05:28]} 42. Qxb8 {[%clk 0:08:48]} Qe3+ {[%clk 0:05:13]} 43. Kg2
{[%clk 0:09:11]} Qe2+ 44. Kg1 1/2-1/2

[Event "Wroclaw Open"]
[Site "?"]
[Date "2017.08.16"]
[Round "6.3"]
[White "Sieciechowicz, Marcin"]
[Black "Sivakumar, Ashvin"]
[Result "1/2-1/2"]
[BlackElo "2221"]
[WhiteElo "2408"]
[LiveChessVersion "1.4.6"]

1. d4 {[%clk 1:30:05]} Nf6 {[%clk 1:30:26]} 2. c4 {[%clk 1:30:06]} c5
{[%clk 1:30:48]} 3. d5 {[%clk 1:30:30]} b5 {[%clk 1:31:06]} 4. Nf3
{[%clk 1:30:38]} Bb7 {[%clk 1:30:39]} 5. Qc2 {[%clk 1:30:39]} bxc4
{[%clk 1:30:13]} 6. e4 {[%clk 1:30:48]} e6 {[%clk 1:30:30]} 7. Bxc4
{[%clk 1:30:50]} exd5 {[%clk 1:30:52]} 8. exd5 {[%clk 1:31:16]} Bxd5
{[%clk 1:31:09]} 9. Bxd5 {[%clk 1:29:47]} Nxd5 {[%clk 1:31:31]} 10. O-O
{[%clk 1:29:22]} Be7 {[%clk 1:31:49]} 11. Re1 {[%clk 1:27:55]} Na6
{[%clk 1:32:11]} 12. Nc3 {[%clk 1:21:44]} Nxc3 {[%clk 1:27:37]} 13. bxc3
{[%clk 1:15:44]} Nc7 {[%clk 1:26:36]} 14. Bf4 {[%clk 1:07:56]} Ne6
{[%clk 1:24:22]} 15. Bg3 {[%clk 1:07:43]} O-O {[%clk 1:16:00]} 16. Rad1
{[%clk 1:08:00]} d5 {[%clk 1:14:08]} 17. Qf5 {[%clk 0:59:40]} 1/2-1/2

[Event "Wroclaw Open"]
[Site "?"]
[Date "2017.08.16"]
[Round "6.4"]
[White "Reza, Wojciech"]
[Black "Swicarz, Maciej"]
[Result "1/2-1/2"]
[BlackElo "2369"]
[WhiteElo "2241"]
[LiveChessVersion "1.4.6"]

1. e4 {[%clk 1:30:49]} e5 {[%clk 1:30:40]} 2. Nf3 {[%clk 1:30:44]} Nc6
{[%clk 1:31:06]} 3. Bb5 {[%clk 1:29:40]} a6 {[%clk 1:31:20]} 4. Ba4
{[%clk 1:29:09]} Nf6 {[%clk 1:31:08]} 5. O-O {[%clk 1:28:55]} Nxe4
{[%clk 1:31:05]} 6. d4 {[%clk 1:27:16]} b5 {[%clk 1:29:59]} 7. Bb3
{[%clk 1:27:42]} d5 {[%clk 1:30:17]} 8. dxe5 {[%clk 1:27:15]} Be6
{[%clk 1:30:38]} 9. Be3 {[%clk 1:22:46]} Be7 {[%clk 1:30:36]} 10. Nbd2
{[%clk 1:22:18]} Nc5 {[%clk 1:30:15]} 11. h3 {[%clk 1:05:06]} O-O
{[%clk 1:29:24]} 12. Bxc5 {[%clk 0:59:38]} Bxc5 {[%clk 1:29:48]} 13. c3
{[%clk 1:00:04]} Qe7 {[%clk 1:18:24]} 14. Qe2 {[%clk 0:57:20]} f6
{[%clk 1:10:39]} 15. Rae1 {[%clk 0:53:13]} Rae8 {[%clk 1:09:28]} 16. Qd3
{[%clk 0:46:31]} Rd8 {[%clk 1:02:05]} 17. exf6 {[%clk 0:44:27]} Qxf6
{[%clk 0:52:54]} 18. Rxe6 {[%clk 0:43:42]} Qxe6 {[%clk 0:53:22]} 19. Qxh7+
{[%clk 0:44:05]} Kxh7 {[%clk 0:53:42]} 20. Ng5+ {[%clk 0:44:32]} Kg8
{[%clk 0:35:14]} 21. Nxe6 {[%clk 0:44:46]} Bb6 {[%clk 0:35:42]} 22. Nf3
{[%clk 0:42:22]} Rd6 {[%clk 0:33:52]} 23. Nxf8 {[%clk 0:41:12]} Kxf8
{[%clk 0:34:20]} 24. Rd1 {[%clk 0:38:51]} Ne7 {[%clk 0:32:50]} 25. g3
{[%clk 0:35:07]} c6 {[%clk 0:27:50]} 26. Kg2 {[%clk 0:34:31]} Re6
{[%clk 0:25:12]} 27. Re1 Rxe1 {[%clk 0:25:19]} 28. Nxe1 {[%clk 0:34:07]} Kf7
{[%clk 0:23:54]} 29. Kf3 {[%clk 0:25:37]} Kf6 {[%clk 0:24:20]} 30. Ke2
{[%clk 0:25:48]} Ba7 {[%clk 0:19:37]} 31. Bc2 {[%clk 0:22:22]} Bb6
{[%clk 0:19:22]} 32. f4 {[%clk 0:21:56]} d4 {[%clk 0:13:50]} 33. cxd4
{[%clk 0:14:30]} Bxd4 {[%clk 0:14:18]} 34. b3 {[%clk 0:14:23]} Nd5
{[%clk 0:11:41]} 35. Nf3 {[%clk 0:14:27]} Bb2 {[%clk 0:11:30]} 36. a4
{[%clk 0:13:46]} c5 {[%clk 0:11:02]} 37. Nd2 {[%clk 0:11:55]} Ke7
{[%clk 0:10:07]} 38. axb5 {[%clk 0:11:54]} axb5 {[%clk 0:10:28]} 39. Bd3
{[%clk 0:11:47]} Nc3+ {[%clk 0:08:21]} 40. Kf3 {[%clk 0:12:08]} Bc1
{[%clk 0:08:28]} 41. Ne4 {[%clk 0:12:03]} Nxe4 {[%clk 0:08:31]} 42. Kxe4
{[%clk 0:12:28]} c4 {[%clk 0:07:14]} 43. bxc4 {[%clk 0:10:21]} bxc4
{[%clk 0:07:42]} 44. Bxc4 {[%clk 0:10:46]} Kf6 {[%clk 0:08:09]} 45. h4
{[%clk 0:11:05]} g6 {[%clk 0:04:07]} 46. g4 {[%clk 0:10:15]} Kg7 {[%clk 0:04:08]}
47. Be2 {[%clk 0:09:34]} Bd2 {[%clk 0:04:01]} 48. g5 {[%clk 0:09:54]} Ba5
{[%clk 0:02:58]} 49. h5 {[%clk 0:10:08]} gxh5 {[%clk 0:03:27]} 50. Bxh5
{[%clk 0:10:32]} Bc7 {[%clk 0:03:14]} 51. f5 {[%clk 0:04:04]} Bd8
{[%clk 0:03:33]} 52. f6+ {[%clk 0:04:30]} Bxf6 {[%clk 0:04:00]} 53. gxf6+
{[%clk 0:04:58]} Kxf6 1/2-1/2

[Event "Wroclaw Open"]
[Site "?"]
[Date "2017.08.16"]
[Round "6.5"]
[White "Nowak, Kamil"]
[Black "Jagodzinski, Piotr"]
[Result "1-0"]
[BlackElo "2177"]
[WhiteElo "2318"]
[LiveChessVersion "1.4.6"]

1. e4 {[%clk 1:30:56]} c6 {[%clk 1:30:57]} 2. d4 {[%clk 1:31:17]} d5
{[%clk 1:31:26]} 3. Nd2 {[%clk 1:31:37]} a6 {[%clk 1:30:53]} 4. c3
{[%clk 1:31:56]} e6 {[%clk 1:29:41]} 5. Bd3 {[%clk 1:30:38]} c5 {[%clk 1:21:41]}
6. e5 {[%clk 1:22:45]} Nc6 {[%clk 1:18:54]} 7. Ne2 {[%clk 1:20:31]} cxd4
{[%clk 1:07:44]} 8. cxd4 {[%clk 1:20:54]} Qb6 {[%clk 1:08:06]} 9. Nf3
{[%clk 1:20:29]} Bb4+ {[%clk 1:08:35]} 10. Bd2 {[%clk 1:20:18]} Bd7
{[%clk 1:08:41]} 11. O-O {[%clk 1:19:48]} Bxd2 {[%clk 1:06:22]} 12. Qxd2
{[%clk 1:20:03]} h6 {[%clk 1:06:45]} 13. Rac1 {[%clk 1:18:04]} Nge7
{[%clk 0:58:32]} 14. Nf4 {[%clk 1:17:14]} Nxd4 {[%clk 0:53:36]} 15. Nxd4
{[%clk 1:17:19]} Qxd4 {[%clk 0:53:57]} 16. Nxe6 {[%clk 1:17:47]} Bxe6
{[%clk 0:41:24]} 17. Bb5+ {[%clk 1:18:09]} axb5 {[%clk 0:41:47]} 18. Qxd4
{[%clk 1:18:34]} O-O {[%clk 0:42:12]} 19. Qc5 {[%clk 1:16:24]} Nc6
{[%clk 0:41:19]} 20. Qxb5 {[%clk 1:14:30]} Na5 {[%clk 0:33:49]} 21. b3
{[%clk 1:14:12]} Rfd8 {[%clk 0:34:04]} 22. f4 {[%clk 1:13:40]} g6
{[%clk 0:34:32]} 23. Rfd1 {[%clk 1:12:56]} Rd7 {[%clk 0:30:30]} 24. Qa4
{[%clk 1:12:40]} Rdd8 {[%clk 0:30:21]} 25. Rc7 {[%clk 1:12:37]} Bg4
{[%clk 0:29:13]} 26. Rdc1 {[%clk 1:08:32]} Nc6 {[%clk 0:23:49]} 27. Qb5
{[%clk 1:05:02]} Nd4 {[%clk 0:24:17]} 28. Qxb7 {[%clk 1:04:59]} Rab8
{[%clk 0:24:30]} 29. Qa7 {[%clk 1:02:27]} Ne2+ {[%clk 0:24:57]} 30. Kf2
{[%clk 1:01:59]} Ra8 {[%clk 0:25:26]} 31. Qb7 {[%clk 1:02:11]} Rab8
{[%clk 0:23:15]} 32. Qc6 {[%clk 1:02:39]} Nxc1 {[%clk 0:23:36]} 33. Qxc1
{[%clk 1:03:07]} h5 {[%clk 0:21:21]} 34. Rc6 {[%clk 1:01:47]} Bf5
{[%clk 0:19:29]} 35. Qd2 {[%clk 0:56:47]} d4 {[%clk 0:19:13]} 36. Rd6
{[%clk 0:57:01]} d3 {[%clk 0:19:36]} 37. Kf3 {[%clk 0:53:05]} Rxd6
{[%clk 0:19:05]} 38. exd6 {[%clk 0:53:28]} Rb6 {[%clk 0:19:33]} 39. Qe3
{[%clk 0:47:23]} Rb7 {[%clk 0:01:33]} 40. Qd4 {[%clk 0:47:52]} Rb8
{[%clk 0:01:37]} 41. h3 {[%clk 0:46:54]} h4 {[%clk 0:02:02]} 42. b4
{[%clk 0:46:42]} Bd7 {[%clk 0:00:37]} 43. Qxd3 {[%clk 0:44:55]} Rxb4
{[%clk 0:00:42]} 44. Qc3 {[%clk 0:45:02]} Rb7 {[%clk 0:00:32]} 45. a4
{[%clk 0:45:10]} Be6 {[%clk 0:00:32]} 46. a5 {[%clk 0:45:25]} f5 {[%clk 0:00:32]}
47. a6 {[%clk 0:44:43]} Rd7 {[%clk 0:00:32]} 48. Qe5 {[%clk 0:44:14]} Kf7
{[%clk 0:00:56]} 49. Ke3 {[%clk 0:44:16]} Ra7 {[%clk 0:01:23]} 50. Qb5
{[%clk 0:44:08]} 1-0

[Event "Wroclaw Open"]
[Site "?"]
[Date "2017.08.16"]
[Round "6.6"]
[White "Sergeev, Vladimir"]
[Black "Decker, Nils"]
[Result "1-0"]
[BlackElo "2034"]
[WhiteElo "2417"]
[LiveChessVersion "1.4.6"]

1. Nf3 {[%clk 1:24:15]} Nf6 {[%clk 1:30:33]} 2. g3 {[%clk 1:24:13]} d5
{[%clk 1:30:31]} 3. Bg2 {[%clk 1:24:38]} e6 {[%clk 1:30:37]} 4. O-O
{[%clk 1:25:00]} Be7 {[%clk 1:30:46]} 5. d3 {[%clk 1:25:18]} O-O {[%clk 1:30:10]}
6. Nbd2 {[%clk 1:25:45]} c5 {[%clk 1:25:07]} 7. e4 {[%clk 1:26:01]} Nc6
{[%clk 1:24:17]} 8. Re1 {[%clk 1:26:21]} b5 {[%clk 1:20:33]} 9. e5
{[%clk 1:26:01]} Nd7 {[%clk 1:19:34]} 10. Nf1 {[%clk 1:26:16]} Qc7
{[%clk 1:18:50]} 11. Bf4 {[%clk 1:26:33]} a5 {[%clk 1:18:51]} 12. Ne3
{[%clk 1:22:42]} Qa7 {[%clk 1:11:34]} 13. h4 {[%clk 1:18:40]} Re8
{[%clk 1:11:59]} 14. h5 {[%clk 1:17:59]} h6 {[%clk 1:12:17]} 15. Qd2
{[%clk 1:15:13]} Bf8 {[%clk 1:12:25]} 16. c4 {[%clk 1:10:09]} bxc4
{[%clk 1:05:04]} 17. dxc4 {[%clk 1:10:36]} d4 {[%clk 1:04:40]} 18. Ng4
{[%clk 1:11:04]} Qb6 {[%clk 0:57:49]} 19. Bxh6 {[%clk 1:08:13]} Rb8
{[%clk 0:39:45]} 20. b3 {[%clk 0:58:50]} a4 {[%clk 0:28:34]} 21. Rab1
{[%clk 0:57:16]} Qa5 {[%clk 0:26:49]} 22. Qf4 {[%clk 0:56:29]} Ne7
{[%clk 0:22:58]} 23. Bxg7 {[%clk 0:53:01]} Bxg7 {[%clk 0:23:14]} 24. Nf6+
{[%clk 0:52:11]} Bxf6 {[%clk 0:19:18]} 25. exf6 {[%clk 0:52:20]} Nf5
{[%clk 0:19:34]} 26. Qg5+ {[%clk 0:23:13]} Kh7 {[%clk 0:18:06]} 27. Bh3
{[%clk 0:23:13]} Rg8 {[%clk 0:13:57]} 28. Bxf5+ {[%clk 0:23:33]} exf5
{[%clk 0:14:15]} 29. Qxf5+ {[%clk 0:24:01]} Kh6 {[%clk 0:14:07]} 30. Qf4+
{[%clk 0:23:36]} Kh7 {[%clk 0:13:35]} 31. Re7 {[%clk 0:20:14]} Ne5
{[%clk 0:03:44]} 32. Nxe5 {[%clk 0:18:13]} Rb7 {[%clk 0:03:56]} 33. Nxf7
{[%clk 0:15:06]} Rg4 {[%clk 0:00:31]} 34. Qh6+ {[%clk 0:13:08]} Kg8
{[%clk 0:00:57]} 35. Qh8# {[%clk 0:13:04]} 1-0